000 00249nam a2200097Ia 4500
001 652763
005 20250826154444.0
008 250824s9999 xx 000 0 und d
245 0 _aBANU CİHAN
_cSÜLEYMAN TEVFİK
260 _bANTİK DÜNYA KLASİKLERİ
999 _c652763
_d652763